000
00207 a2200097 4500
001
10563
100
_a
Worsnop, B L
245
_a
Advanced practical physics.
260
_a
_b
Methuen
_c
090
_c
8175
_d
8175
942
_a
NUST-CAE
_c
M
_c
34906
999
_c
245636
_d
245636